noooolan's Hockey General Knowledge #2 - Statistics

General Stats
  • This quiz has been taken 92 times
  • The average score is 6 of 10
Answer Stats
Question Answer % Correct
Which of these teams is NOT an Original 6 team? Los Angeles Kings
94%
What year did Vancouver riot due to their Stanley Cup Finals loss to Boston? 2011
81%
Which of these players is American? Connor Hellebuyck
81%
Who was selected 2nd overall in the 2019 NHL Draft? Kaapo Kakko
75%
Which former team used Brass Bonanza as their goal song? Hartford Whalers
69%
Who was the last Ottawa Senator to score 50 Goals? Dany Heatley
50%
How many Stanley Cup Wins does Bill Guerin have? 2
44%
Who was Jarome Iginla drafted by? Dallas Stars
38%
What penalty did Wayne Gretzky (allegedly) commit on Leafs forward Doug Gilmour in the 1993 Playoffs? High-Sticking
31%
Which of these teams has the lowest arena attendance? Ottawa Senators
13%
No matching quizzes found
Score Distribution
Percent of People with Each Score
Percentile by Number Answered
Your Score History
You have not taken this quiz